00513nam a2200193Ia 4500003000400000005001700004008004100021020001300062040001000075082001700085100002300102245006300125250000800188260004600196300002800242500001900270600001500289650001500304OSt20251211150440.0240925s9999 xx 000 0 und d a71123504 caacr2 a658.4038 LAU aLaudon , kenneth C 0aManagement Information Systems: managing the digital firm a9th aNew Delhi:bPearson Printice Hallc,2006. axix,924p.bNAfOriginal aIncludes Index aManagement aManagement